Sunlight on the Garden: (Record no. 83000)

MARC details
000 -LEADER
fixed length control field 00672nam a22001937a 4500
005 - DATE AND TIME OF LATEST TRANSACTION
control field 20140313122509.0
010 ## - LCCN (DPL NO)
LC control number B-505454-459
020 ## - INTERNATIONAL STANDARD BOOK NUMBER
International Standard Book Number 9780670086160
Terms of availability 499.00
035 ## - SYSTEM CONTROL NUMBER
System control number B-505454-459
037 ## - SOURCE OF ACQUISITION
Stock number dpl
Source of stock number/acquisition KKP/Ven
082 ## - DEWEY DECIMAL CLASSIFICATION NUMBER
Classification number 361.3092
100 ## - MAIN ENTRY--PERSONAL NAME
Personal name Beteille, Andre
245 ## - TITLE STATEMENT
Title Sunlight on the Garden:
Remainder of title a story of childhood & Youth/
Statement of responsibility, etc by Andre Beteille
260 ## - PUBLICATION, DISTRIBUTION, ETC. (IMPRINT)
Place of publication, distribution, etc New Delhi
Name of publisher, distributor, etc Penguin Group
Date of publication, distribution, etc 2012
270 ## - ADDRESS
Address 11 Community Centre, Panchsheel Park
City New Delhi
Postal code 110017
300 ## - PHYSICAL DESCRIPTION
Extent 293p.:
Dimensions 21cm(Hb)
942 ## - ADDED ENTRY ELEMENTS (KOHA)
Source of classification or shelving scheme Dewey Decimal Classification
Item type English Books
Classification part 361.3092
Call number suffix BET
Holdings
Withdrawn status Lost status Not for loan Collection code Home library Current library Date acquired Source of acquisition Cost, normal purchase price Full call number Barcode Copy number Cost, replacement price Koha item type
      Non-fiction Janak Puri Janak Puri 13/03/2014 KKP/BL2984/11.03.2013/172/11.03.2013/20.03.2013 499.00 361.3092 BET B-505455 1 499.00 English Books
      Non-fiction Patel Nagar Patel Nagar 13/03/2014 KKP/BL2984/11.03.2013/172/11.03.2013/20.03.2013 499.00 361.3092 BET B-505454 1 499.00 English Books
      Non-fiction Sarojini Nagar Sarojini Nagar 13/03/2014 KKP/BL2984/11.03.2013/172/11.03.2013/20.03.2013 499.00 361.3092 BET B-505456 1 499.00 English Books
      Non-fiction Shahdara Branch Shahdara Branch 13/03/2014 KKP/BL2984/11.03.2013/172/11.03.2013/20.03.2013 499.00 361.3092 BET B-505458 1 499.00 English Books
      Non-fiction Vigyan Vihar Vigyan Vihar 13/03/2014 KKP/BL2984/11.03.2013/172/11.03.2013/20.03.2013 499.00 361.3092 BET B-505459 1 499.00 English Books
      Non-fiction Vinoba Puri Vinoba Puri 13/03/2014 KKP/BL2984/11.03.2013/172/11.03.2013/20.03.2013 499.00 361.3092 BET B-505457 1 499.00 English Books

© Delhi Public Library
Hit Counter
free hit counter